[Event "Landesliga Sued 9899"]
[Site "Bayern"]
[Date "1999.??.??"]
[Round "?"]
[White "Keller, Markus"]
[Black "Strangmueller, Andreas"]
[Result "1-0"]
[WhiteElo "2010"]
[BlackElo "1930"]

1.d4 d5 2.e4 e6 3.Nc3 Nf6 4.e5 Nfd7 5.f4 c5 6.Nf3 Nc6 7.Be3 a6 8.Qd2 b5 9.dxc5 Bxc5
10.Bxc5 Nxc5 11.Qf2 Qb6 12.Bd3 b4 13.Ne2 a5 14.O-O Rb8 15.Rfd1 Ba6 16.Rac1 O-O
17.Ned4 Nxd3 18.cxd3 Nxd4 19.Qxd4 Rfc8 20.Rxc8+ Bxc8 21.Qxb6 Rxb6 22.Rc1 Ba6
23.Kf2 Kf8 24.Ke3 Ke8 25.Rc7 Rb7 26.Rc8+ Kd7 27.Ra8 Bb5 28.Rxa5 Kc7 29.Nd4 Bd7
30.Ra6 Rb6 31.Ra7+ Rb7 32.Rxb7+ Kxb7 33.Nc2 b3 34.axb3 Kb6 35.g4 Kc5 36.Nd4 Kb4
37.f5 Kc5 38.fxe6 fxe6 39.g5 Kb4 40.h4 g6 41.Kd2 Bc8 42.Kc2 Bd7 43.Nf3 Be8
44.Nd4 Bd7 45.Kd2 Bc8 46.Ke3 Bd7 47.Ne2 Kc5 48.b4+ Kxb4 49.Kd4 Be8 50.Nf4 Bf7
51.Nh3 Kb3 52.Kc5 Kxb2 53.Nf2 Kc3 54.d4 Kd2 55.Ng4 Kd3 56.Nf6 Ke3 57.Nxh7 Be8
58.Nf6 Bf7 59.Ng4+ Ke4 60.Nh6 Be8 61.Ng8 Bf7 62.Ne7 Be8 63.Nc6 Ke3 64.Kd6 Ke4
65.Nd8 Kxd4 66.Nxe6+ Ke4 67.Nc7 d4 68.Nxe8 d3 69.Nf6+ Kd4 70.e6 d2 71.e7 d1=Q
72.e8=Q Kc4+ 73.Ke6 Qe1+ 74.Kf7 Qxh4 75.Qe4+  1-0

[Event "Oberliga Bayern9899"]
[Site "Bayern"]
[Date "1999.??.??"]
[Round "?"]
[White "Wach, Markus"]
[Black "Cech, Pavel"]
[Result "1/2-1/2"]
[WhiteElo "2385"]
[BlackElo "2355"]

1.e4 e6 2.d4 d5 3.Nc3 Nf6 4.e5 Nfd7 5.f4 c5 6.Nf3 Nc6 7.Be3 cxd4 8.Nxd4 Bc5
9.Qd2 O-O 10.O-O-O Qa5 11.Kb1 Bb4 12.Nb3 Bxc3 13.Qxc3 Qxc3 14.bxc3 f6 15.exf6 Nxf6
16.g3 e5 17.fxe5 Nxe5 18.Bd4 Bg4 19.Re1 Bf3 20.Rg1 Nc6 21.Bxf6 Rxf6 22.Nd2 Bh5  1/2-1/2

[Event "Cannes"]
[Site "Cannes"]
[Date "1999.??.??"]
[Round "5"]
[White "Kazhgaleyev, Murtas"]
[Black "Hamdouchi, Hichem"]
[Result "1-0"]
[WhiteElo "2547"]
[BlackElo "2564"]

1.e4 e6 2.d4 d5 3.Nc3 Nf6 4.e5 Nfd7 5.f4 c5 6.Nf3 Qb6 7.Na4 Qc6 8.Nxc5 Nxc5
9.dxc5 Bxc5 10.Bd3 Qb6 11.c3 a5 12.Qb3 Qa7 13.Rf1 Nc6 14.Bd2 Bd7 15.a4 Rc8
16.Rd1 g6 17.Bb5 O-O 18.Qc2 f6 19.exf6 Rxf6 20.Qd3 Rcf8 21.g3 b6 22.Be3 Qc7
23.Bxc6 Bxc6 24.Bd4 Bxd4 25.Qxd4 b5 26.Ne5 Rf5 27.Qc5 bxa4 28.Nxc6 R8f7 29.Qb5 d4
30.Ne5 dxc3 31.Qe8+ Rf8 32.Qxe6+ Kh8 33.bxc3 Qxc3+ 34.Ke2 Qc2+ 35.Kf3  1-0

[Event "WLS-ch"]
[Site "Chepstow"]
[Date "1999.??.??"]
[Round "4"]
[White "Varley, Peter"]
[Black "Cobb, James"]
[Result "0-1"]
[WhiteElo "2273"]
[BlackElo "2287"]

1.e4 e6 2.d4 d5 3.Nc3 Nf6 4.e5 Nfd7 5.f4 c5 6.Nf3 Nc6 7.Be3 Qb6 8.Na4 Qa5+
9.c3 cxd4 10.b4 Qc7 11.Nxd4 Nxd4 12.Bxd4 Nb8 13.Rc1 Nc6 14.a3 Bd7 15.Nc5 g6
16.g3 Bg7 17.Nxd7 Qxd7 18.h4 O-O 19.Bh3 Nxd4 20.cxd4 Rfc8 21.Rh2 a5 22.Rhc2 Rxc2
23.Qxc2 axb4 24.axb4 Bf8 25.Rb1 Rc8 26.Qd2 Qa4 27.f5 Rc2 28.Qg5 Qa2 29.Rd1 Rh2  0-1

[Event "Cologne KSV-ch"]
[Site "Cologne"]
[Date "1999.??.??"]
[Round "4"]
[White "Tereschenko, Boris"]
[Black "Hank, H."]
[Result "1-0"]
[WhiteElo "1750"]
[BlackElo "1985"]

1.e4 e6 2.d4 d5 3.Nc3 Nf6 4.e5 Nfd7 5.f4 c5 6.Nf3 Nc6 7.dxc5 Bxc5 8.a3 O-O
9.Bd3 f5 10.b4 Be7 11.O-O a6 12.Ne2 Nb6 13.Be3 Bd7 14.Nd2 Rc8 15.Rc1 Na7
16.c4 dxc4 17.Nxc4 Nxc4 18.Bxc4 Nb5 19.Qb3 Kh8 20.Rfd1 Qe8 21.Bxe6 Rxc1 22.Rxc1 Bxe6
23.Qxe6 Nxa3 24.Qb6 Qb5 25.Qxb5 Nxb5 26.Bc5 Bxc5+ 27.Rxc5 Rd8 28.Nc3 Nd4
29.g3 Ne6 30.Rc4 Kg8 31.Kf2 Rd4 32.Rxd4 Nxd4 33.Nd5 Kf7 34.Ke3 Nc6 35.Kd3 g5
36.Kc4 gxf4 37.gxf4 Ke6 38.Kc5 h6 39.Ne3 Nd8 40.Kb6 Nc6 41.Nc2 Kd5 42.Kxb7 Nd8+
43.Kxa6 Ke4 44.b5 Ne6 45.b6 Kxf4 46.Nd4 Nxd4 47.b7 Kxe5 48.b8=Q+ Ke4 49.Qd6 f4
50.Qxh6 f3 51.Qd2 Nf5 52.Qf2 Ne3 53.h4 Ng4 54.Qg3 Nh6 55.Qg6+ Nf5 56.Qg4+  1-0

[Event "Crans Montana op"]
[Site "Crans Montana"]
[Date "1999.??.??"]
[Round "2"]
[White "Suetin, Alexey S"]
[Black "Eggenberger, Ulrich"]
[Result "1-0"]
[WhiteElo "2391"]
[BlackElo "2080"]

1.e4 e6 2.d4 d5 3.Nc3 Nf6 4.e5 Nfd7 5.f4 c5 6.Nf3 Nc6 7.Be3 Qb6 8.Na4 Qa5+
9.c3 c4 10.b4 Qc7 11.Be2 b6 12.O-O Ne7 13.Bf2 g6 14.Nb2 a6 15.a4 Bb7 16.Qe1 h5
17.Nd1 Nb8 18.Bh4 Bg7 19.Ne3 Nf5 20.Nxf5 exf5 21.Bd1 Bc8 22.Bf6 Rg8 23.Bxg7 Rxg7
24.Nd2 Be6 25.Qg3 Rh7 26.Bf3 Ra7 27.Qf2 Qd8 28.Rfe1 Rd7 29.Nf1 Kf8 30.Ne3 Kg7
31.b5 a5 32.Ra2 Rh8 33.Rd1 Qc8 34.Rad2 Qc7 35.g3 Rc8 36.h3 Qd8 37.Qg2 Rcc7
38.Rf2 Kf8 39.g4 hxg4 40.hxg4 fxg4 41.Bxg4 f5 42.exf6 Qxf6 43.f5 gxf5 44.Bxf5 Rf7
45.Rdf1  1-0

[Event "EU-ch Union SCIPT"]
[Site "DEN"]
[Date "1999.??.??"]
[Round "5"]
[White "Van der Vorm, Teun"]
[Black "Pedersen, Jan"]
[Result "1/2-1/2"]
[WhiteElo "2370"]
[BlackElo "2320"]

1.e4 e6 2.d4 d5 3.Nc3 Nf6 4.e5 Nfd7 5.f4 c5 6.Nf3 Nc6 7.Be3 cxd4 8.Nxd4 Nxd4
9.Bxd4 Nb8 10.Bd3 Nc6 11.Bf2 h5 12.O-O g6 13.Ne2 Nb4 14.Nd4 Nxd3 15.Qxd3 Be7
16.Rae1 Bd7 17.Re3 Qa5 18.a3 Rc8 19.Rh3 a6 20.Rd1 Rg8 21.Kh1 Qa4 22.Rf3 Bc5
23.Nb3 Be7 24.Nd4 Bc5 25.Nb3 Be7 26.Nd4  1/2-1/2

[Event "Cataluna Club op"]
[Site "ESP"]
[Date "1999.??.??"]
[Round "?"]
[White "Jordan Garcia, Josep Maria"]
[Black "Velazquez Manisse, Ernesto"]
[Result "0-1"]
[WhiteElo "1945"]
[BlackElo "2170"]

1.e4 e6 2.d4 d5 3.Nc3 Nf6 4.e5 Nfd7 5.f4 c5 6.Nf3 Nc6 7.Be3 cxd4 8.Nxd4 Bb4
9.Qd2 Qa5 10.Be2 Nc5 11.Nb3 Nxb3 12.cxb3 O-O 13.O-O d4 14.Bxd4 Nxd4 15.Qd3 Nxe2+
16.Nxe2 Rd8 17.Qe4 Bd7 18.a3 Bc5+ 19.Kh1 Bc6  0-1

[Event "Cataluna-chT"]
[Site "ESP"]
[Date "1999.??.??"]
[Round "5"]
[White "Cuadras Avellana, Jorge"]
[Black "Comas Fabrego, Luis"]
[Result "1-0"]
[WhiteElo "2455"]
[BlackElo "2560"]

1.e4 e6 2.d4 d5 3.Nc3 Nf6 4.e5 Nfd7 5.f4 c5 6.Nf3 Nc6 7.Be3 cxd4 8.Nxd4 Bc5
9.Qd2 O-O 10.Be2 a6 11.O-O Qc7 12.Kh1 b5 13.Nxc6 Qxc6 14.Bd3 b4 15.Ne2 Qb6
16.Rf3 Rd8 17.Nd4 a5 18.Rh3 h6 19.c3 Ba6 20.Bxa6 Qxa6 21.f5 bxc3 22.bxc3 Nxe5
23.Bxh6 exf5 24.Bxg7 Kxg7 25.Qg5+ Ng6 26.Nxf5+ Kg8 27.Rh8+  1-0

[Event "Gent op 22nd"]
[Site "Gent"]
[Date "1999.??.??"]
[Round "4"]
[White "Dutreeuw, Marc"]
[Black "Croonenborghs, Tom"]
[Result "1-0"]
[WhiteElo "2415"]
[BlackElo "2220"]

1.e4 e6 2.d4 d5 3.Nc3 Nf6 4.e5 Nfd7 5.f4 c5 6.Nf3 Nc6 7.Be3 cxd4 8.Nxd4 Bc5
9.Qd2 O-O 10.O-O-O a6 11.h4 Bxd4 12.Bxd4 b5 13.Rh3 b4 14.Na4 Qa5 15.b3 Nxd4
16.Qxd4 Bb7 17.c3 Rfc8 18.Kb2 bxc3+ 19.Rxc3 Rxc3 20.Qxc3 Qxc3+ 21.Nxc3 Rc8
22.Ne4 Rc7 23.Nd6 Nb8 24.Rd4 Nc6 25.Ra4 f6 26.Bxa6 Bxa6 27.Rxa6 Kf8 28.Nb5 Rc8
29.Na7 Nb4 30.Nxc8 Nxa6 31.Kc3 fxe5 32.fxe5 Ke8 33.b4 Kd7 34.Nd6 d4+ 35.Kc4 d3
36.Ne4 Kc7 37.b5 Nb8 38.Kxd3 Kb6 39.a4 Nd7 40.Kd4 Ka5  1-0

[Event "Oberliga Ost A9899"]
[Site "GER"]
[Date "1999.??.??"]
[Round "?"]
[White "Hoepfl, Thomas"]
[Black "Zschiedrich, Heiko"]
[Result "0-1"]
[WhiteElo "2215"]
[BlackElo "2140"]

1.e4 e6 2.d4 d5 3.Nc3 Nf6 4.e5 Nfd7 5.f4 c5 6.Nf3 Nc6 7.Be3 a6 8.Qd2 b5 9.dxc5 b4
10.Na4 Qa5 11.Nb6 Rb8 12.Nxd7 Bxd7 13.Bd3 Bxc5 14.Bxc5 Qxc5 15.Bxa6 O-O 16.Qf2 Qxf2+
17.Kxf2 f6 18.Rhe1 g5 19.fxg5 fxe5 20.Kg1 e4 21.Nd2 Rb6 22.Bf1 Nd4 23.Rac1 Rc8
24.c3 bxc3 25.bxc3 Nf5 26.Nb3 Nd6 27.Red1 Rbc6 28.Nd4 Rxc3 29.Rb1 e5 30.Ne2 R3c5
31.Ng3 Bg4 32.Re1 Nf5 33.Nxf5 Bxf5 34.Ba6 R8c7 35.Rf1 Bg6 36.Rb8+ Kg7 37.Rff8 Rc1+
38.Kf2 Rf7+ 39.Rxf7+ Kxf7 40.h4 Rc2+ 41.Kf1 Rxa2 42.Bb5 Ke7 43.g4 e3 44.h5 Be4
45.Rb7+ Kd6 46.Rf7 Kc5  0-1

[Event "Oberliga Nord N9899"]
[Site "GER"]
[Date "1999.??.??"]
[Round "?"]
[White "Baldauf, Bastian"]
[Black "Krause, Ullrich"]
[Result "1/2-1/2"]
[WhiteElo "2150"]
[BlackElo "2270"]

1.e4 e6 2.d4 d5 3.Nc3 Nf6 4.e5 Nfd7 5.f4 c5 6.Nf3 Nc6 7.Be3 Qb6 8.Qd2 Qxb2
9.Rb1 Qa3 10.Bb5 c4 11.Ne2 f5 12.O-O Be7 13.Ng5 Ndb8 14.Rf3 h6 15.Bf2 Qxa2
16.Qe1  1/2-1/2

[Event "Oberliga Nord O9899"]
[Site "GER"]
[Date "1999.??.??"]
[Round "?"]
[White "Roth, Josef"]
[Black "Berthold, Andreas"]
[Result "1/2-1/2"]
[WhiteElo "2195"]
[BlackElo "2205"]

1.e4 e6 2.d4 d5 3.Nc3 Nf6 4.e5 Nfd7 5.f4 c5 6.Nf3 Nc6 7.Be3 cxd4 8.Nxd4 Nxd4
9.Bxd4 a6 10.Qd2 b5 11.Be2 Bc5 12.O-O-O Bxd4 13.Qxd4 Qb6 14.h4 Qxd4 15.Rxd4 Nb8
16.Rh3 Nc6 17.Rd1 Bb7 18.Rg3 O-O  1/2-1/2

[Event "Oberliga Nord N9899"]
[Site "GER"]
[Date "1999.??.??"]
[Round "?"]
[White "Neffe, Axel"]
[Black "Lamprecht, Frank"]
[Result "0-1"]
[WhiteElo "2245"]
[BlackElo "2395"]

1.e4 e6 2.d4 d5 3.Nc3 Nf6 4.e5 Nfd7 5.Nce2 c5 6.c3 b5 7.f4 Nc6 8.a3 cxd4
9.Nxd4 Nxd4 10.cxd4 b4 11.a4 a5 12.b3 Be7 13.g3 O-O 14.Bh3 Qb6 15.Nf3 Ba6
16.Kf2 Rac8 17.Bb2 Rc7 18.Qd2 Rfc8 19.Rhc1 f6 20.Rxc7 Rxc7 21.Rc1 f5 22.g4 Rxc1
23.Qxc1 g6 24.gxf5 exf5 25.Bg2 Nf8 26.h4 Bb7 27.Bh3 Qd8 28.h5 Ne6 29.hxg6 hxg6
30.Ke3 Qf8 31.Qg1 Qh6 32.Qh2 Bf8 33.Bg2 Qxh2 34.Nxh2 Bh6 35.Kf3 Bxf4 36.Nf1 Kf7
37.Ne3 Bxe3 38.Kxe3 g5 39.Bf1 Bc6 40.Bd3 Kg6 41.Ba6 Bd7 42.Bd3 g4 43.Kf2 Kg5
44.Kg3 f4+ 45.Kf2 Nc7 46.Bc1 Bf5 47.Bb5 Bc2 48.Bd7 Bxb3 49.e6 Bc2  0-1

[Event "Oberliga Ost A9899"]
[Site "GER"]
[Date "1999.??.??"]
[Round "?"]
[White "Winterfeld, Dirk"]
[Black "Liedtke, Matthias"]
[Result "0-1"]
[WhiteElo "2200"]
[BlackElo "2250"]

1.e4 e6 2.d4 d5 3.Nc3 Nf6 4.e5 Nfd7 5.f4 c5 6.Nf3 Nc6 7.Be3 a6 8.Qd2 b5 9.Ne2 Qb6
10.dxc5 Bxc5 11.Bxc5 Nxc5 12.Ned4 Bd7 13.Nxc6 Bxc6 14.Nd4 O-O 15.O-O-O b4
16.Bd3 Bb5 17.Ne2 b3 18.a3 Nxd3+ 19.cxd3 Rfc8+ 20.Nc3 d4 21.Kb1 dxc3 22.bxc3 b2
23.Qxb2 Rab8 24.Ka1 Qc5 25.d4 Qxc3 26.Qxc3 Rxc3 27.Kb2 Rbc8 28.Rd2 Ba4 29.Rb1 h5  0-1

[Event "Oberliga Nord N9899"]
[Site "GER"]
[Date "1999.??.??"]
[Round "?"]
[White "Nurkiewicz, Maciej"]
[Black "Lamprecht, Frank"]
[Result "1/2-1/2"]
[WhiteElo "2285"]
[BlackElo "2395"]

1.e4 e6 2.d4 d5 3.Nc3 Nf6 4.e5 Nfd7 5.f4 c5 6.Nf3 Nc6 7.Be3 a6 8.Qd2 b5 9.h4 b4
10.Na4 cxd4 11.Nxd4 Bb7 12.Qf2 Nxd4 13.Bxd4 Qa5 14.b3 Bc6 15.Nb6 Rb8 16.Nxd7 Bxd7
17.Bd3 Be7 18.Qg3 O-O 19.h5 Qc7 20.Rh3 f5 21.O-O-O Bb5 22.Qe3 Rb7 23.Rh2 Rc8
24.g4 fxg4 25.Rg1 Bxd3 26.Qxd3 Bc5 27.Rxg4 Bxd4 28.Qxd4 Qc3 29.Qxc3 Rxc3
30.Kb2 Rf3 31.Rhg2 a5 32.R2g3 Rf2 33.Rg2 Rxg2 34.Rxg2 Rf7 35.Rg4 Kf8 36.a3 Rf5
37.Rh4 Ke8 38.axb4 axb4 39.c3 bxc3+ 40.Kxc3 Kd7 41.Rg4 Rf7 42.Kd3 Kc6 43.Rg1 Kb5
44.Ke3 Kc6 45.Ra1 Kb7  1/2-1/2

[Event "NRW-Liga I 9899"]
[Site "GER"]
[Date "1999.??.??"]
[Round "8"]
[White "Gurevich, Vladimir"]
[Black "Haub, Thorsten Michael"]
[Result "1-0"]
[WhiteElo "2465"]
[BlackElo "2410"]

1.e4 e6 2.d4 d5 3.Nc3 Nf6 4.e5 Nfd7 5.f4 c5 6.Nf3 Nc6 7.Be3 g6 8.Qd2 b5 9.dxc5 Bxc5
10.Bxc5 Nxc5 11.Bd3 Qb6 12.Ne2 Bb7 13.Ned4 b4 14.Qe3 a5 15.O-O Nxd4 16.Nxd4 O-O
17.Rf3 a4 18.Rd1 Nxd3 19.Rxd3 Ba6 20.Rd2 a3 21.b3 Rac8 22.Qf2 Rc3 23.Rxc3 bxc3
24.Rd1 f5 25.Nf3 Qb4 26.Qd4 Qa5 27.Qa7 Rc8 28.Nd4 Rc7 29.Qb8+ Kf7 30.b4  1-0

[Event "DDMM (Women)"]
[Site "Germany"]
[Date "1999.??.??"]
[Round "1.3"]
[White "Ludwig, Kristin"]
[Black "Schumacher, Britta"]
[Result "0-1"]
[WhiteElo "2045"]
[BlackElo "2030"]

1.e4 e6 2.d4 d5 3.Nc3 Nf6 4.e5 Nfd7 5.f4 c5 6.Nf3 Nc6 7.Be3 Qb6 8.Qd2 Qxb2
9.Rb1 Qa3 10.Bb5 c4 11.Ne2 Nb4 12.Kf2 Be7 13.Ne1 Nc6 14.c3 O-O 15.Rf1 Nb6
16.Bxc6 bxc6 17.Kg1 Bd7 18.g4 g6 19.Rf3 Rfb8 20.Qc2 Qa4 21.Qd2 Nc8 22.Rxb8 Rxb8
23.Ng3 Rb1 24.Bf2 Qd1 25.Qe3 Ba3 26.f5 Bc1 27.fxe6 Bxe6  0-1

[Event "DDMM (Women)"]
[Site "Germany"]
[Date "1999.??.??"]
[Round "4.4"]
[White "Fuchs, Antje"]
[Black "Strehle, Isabel"]
[Result "1-0"]
[WhiteElo "2130"]
[BlackElo "2150"]

1.e4 e6 2.d4 d5 3.Nc3 Nf6 4.e5 Nfd7 5.f4 c5 6.Nf3 Nc6 7.Be3 Qb6 8.Be2 cxd4
9.Nxd4 a6 10.Nxe6 d4 11.Nd5 Qxb2 12.Ndc7+ Ke7 13.Nxd4 Rb8 14.O-O Kd8 15.Rb1 Qa3
16.Rb3 Qa4 17.Nxc6+ Qxc6 18.Nd5 Bc5 19.Bxc5 Qxc5+ 20.Kh1 h5 21.Bf3 Rh6 22.Re1 Ke8
23.f5 Nb6 24.Rc3 Nc4 25.Nf6+ Kf8 26.Qd8+  1-0

[Event "Hallsberg opJ"]
[Site "Hallsberg"]
[Date "1999.??.??"]
[Round "6"]
[White "Horn, Emilia"]
[Black "Nolan, Graeme"]
[Result "0-1"]
[WhiteElo "2003"]
[BlackElo "2174"]

1.e4 e6 2.d4 d5 3.Nc3 Nf6 4.e5 Nfd7 5.f4 c5 6.Nf3 Nc6 7.Be3 a6 8.Qd2 b5 9.dxc5 Bxc5
10.Bxc5 Nxc5 11.Qf2 Qe7 12.a3 O-O 13.b4 Ne4 14.Nxe4 dxe4 15.Nd2 f6 16.Nxe4 fxe5
17.Be2 Rxf4 18.Qe3 Nd4 19.Bd3 Bb7 20.O-O-O Bxe4 21.Bxe4 Raf8 22.Qd3 h6 23.Kb2 Qc7
24.Rd2 Rc8 25.Bg6 Nf5 26.c3 Ne7 27.Bh7+ Kh8 28.g3 Rc4 29.Rc1 Nd5 30.Rdc2 Nxc3
31.Rxc3 Rxc3 32.Qxc3 Qxc3+ 33.Rxc3 Rxc3 34.Kxc3 Kxh7 35.Kd3 Kg6 36.Ke4 Kf6
37.h3 h5 38.g4 hxg4 39.hxg4 g5 40.Ke3 Ke7 41.Kd3 e4+ 42.Kd4 e5+ 43.Ke3 Kd6
44.Kxe4 Ke6 45.Ke3 Kd5 46.Kd3 e4+ 47.Kc3 Ke5 48.Kd2 Kd4 49.Ke2 e3 50.Ke1 Kd3
51.Kd1 e2+ 52.Ke1 Ke3 53.a4 bxa4 54.b5 a3  0-1

[Event "Hessen-ch int"]
[Site "Hessen"]
[Date "1999.??.??"]
[Round "9"]
[White "Glek, Igor V"]
[Black "Kortschnoj, Viktor"]
[Result "1/2-1/2"]
[WhiteElo "2535"]
[BlackElo "2675"]

1.e4 e6 2.d4 d5 3.Nc3 Nf6 4.e5 Nfd7 5.f4 c5 6.Nf3 Nc6 7.Be3 cxd4 8.Nxd4 Bc5
9.Qd2 a6 10.O-O-O O-O 11.h4 Nxd4 12.Bxd4 b5 13.Rh3 b4 14.Na4 Bxd4 15.Qxd4 a5
16.Kb1 Qc7 17.Bb5 Qb7 18.Be2 Qc6 19.b3 Ba6 20.c4 Rac8 21.Ka1 Bxc4 22.Bxc4 dxc4
23.Qxd7 Qxg2 24.Rhh1 c3 25.Rhg1 Qh2 26.Qd3 g6 27.Qg3 Qe2 28.Rde1 Qd2 29.Rd1 Qe2
30.Rde1 Qd2 31.Rd1  1/2-1/2

[Event "HUN-chT29899"]
[Site "HUN"]
[Date "1999.??.??"]
[Round "?"]
[White "Juhasz, Jozsef"]
[Black "Jakab, Attila"]
[Result "0-1"]
[WhiteElo "2240"]
[BlackElo "2210"]

1.e4 e6 2.d4 d5 3.Nc3 Nf6 4.e5 Nfd7 5.f4 c5 6.Nf3 Nc6 7.Be3 cxd4 8.Nxd4 Bc5
9.Qd2 O-O 10.Be2 a6 11.O-O Nxd4 12.Bxd4 Qb6 13.Bxc5 Qxc5+ 14.Kh1 f6 15.exf6 Nxf6
16.Bf3 Bd7 17.Ne2 Rfe8 18.Rfe1 e5 19.fxe5 Rxe5 20.Nf4 Rae8 21.Rxe5 Rxe5 22.Nd3 Qd4
23.c3 Qe3 24.Qxe3 Rxe3 25.Nb4 Ba4 26.Bxd5+ Nxd5 27.Nxd5 Re2 28.b3 Bd7 29.Kg1 Bf5
30.Rf1 g6 31.Rf2 Re1+ 32.Rf1 Re2 33.a3 Bc2 34.b4 Bb3 35.Nf6+ Kg7 36.Nd7 Bd5
37.Rf2 Re1+ 38.Rf1 Re3 39.Nb6 Bc6 40.Rc1 Re2 41.g3 Rg2+ 42.Kf1 Rxh2 43.Re1 Ra2
44.a4 Kf6 45.Rd1 Kf5 46.Rd4 h5 47.Nc4 Rxa4 48.g4+ Kg5 49.Ne5 h4 50.Nxc6 bxc6
51.Kg2 a5 52.Kh3 Ra3 53.Rc4 axb4 54.Rc5+ Kh6 55.Kxh4 Rxc3  0-1

[Event "Kiev-ch"]
[Site "Kiev"]
[Date "1999.??.??"]
[Round "7"]
[White "Khaskelman, Evgeny"]
[Black "Malykin, Vitaly"]
[Result "0-1"]
[WhiteElo "2161"]
[BlackElo "2250"]

1.e4 e6 2.d4 d5 3.Nc3 Nf6 4.e5 Nfd7 5.f4 c5 6.Nf3 Nc6 7.Be3 a6 8.Qd2 b5 9.Ne2 Be7
10.g3 Bb7 11.Bg2 O-O 12.O-O b4 13.dxc5 Nxc5 14.Ned4 Ne4 15.Qe2 Nxd4 16.Nxd4 Bc5
17.f5 exf5 18.Nxf5 d4 19.Qg4 g6 20.Bh6 Qd5 21.Bxf8 Kxf8 22.Nd6 d3+ 23.Kh1 Nxd6
24.Bxd5 Bxd5+ 25.Rf3 h5 26.Qf4 g5 27.Qf6 g4 28.h4 Bxf3+ 29.Kh2 Ne8 30.Qh6+ Kg8
31.cxd3 Ng7 32.Rc1 Bd4 33.b3 Bxe5 34.Qg5 Re8 35.Kg1 Bd4+ 36.Kf1 Be3 37.Qf6 Bxc1
38.Qxa6 Nf5 39.Qb6 Nxg3+ 40.Kf2 Re2+  0-1

[Event "GER-chJMF"]
[Site "Neumuenster"]
[Date "1999.??.??"]
[Round "?"]
[White "Duppel, Matthias"]
[Black "Zumsande, Martin"]
[Result "0-1"]
[WhiteElo "2314"]
[BlackElo "2316"]

1.e4 e6 2.d4 d5 3.Nc3 Nf6 4.e5 Nfd7 5.f4 c5 6.Nf3 Nc6 7.Be3 a6 8.Qd2 b5 9.dxc5 Bxc5
10.Bxc5 Nxc5 11.Bd3 Qb6 12.Ne2 b4 13.Ned4 a5 14.Nxc6 Qxc6 15.O-O Ba6 16.Nd4 Qb6
17.Qe3 O-O 18.g4 f6 19.Rae1 fxe5 20.fxe5 Ne4 21.Rxf8+ Rxf8 22.Rf1 Rxf1+ 23.Kxf1 a4
24.Kg2 Bxd3 25.cxd3 Nc5 26.Nf3 Qb5 27.Ne1 b3 28.a3 Nd7 29.Kf2 Qc6 30.Qd4 Qc1
31.Nf3 Nc5 32.Kg3 h6 33.h4 g5 34.hxg5 hxg5 35.Qb4 Qf4+ 36.Qxf4 gxf4+ 37.Kxf4 Nxd3+
38.Ke3 Nxb2 39.Kd2 Nc4+ 40.Kc3 Nxa3 41.Ng5 Nc4 42.Nxe6 b2 43.Kc2 a3  0-1

[Event "Presov op"]
[Site "Presov"]
[Date "1999.??.??"]
[Round "5"]
[White "Pinter, Erik"]
[Black "Vavrak, Peter"]
[Result "0-1"]
[WhiteElo "2163"]
[BlackElo "2323"]

1.e4 e6 2.d4 d5 3.Nc3 Nf6 4.e5 Nfd7 5.f4 c5 6.Nf3 Nc6 7.Be3 a6 8.Qd2 b5 9.dxc5 Bxc5
10.Bxc5 Nxc5 11.Bd3 O-O 12.Bxh7+ Kxh7 13.Qf2 b4 14.Qxc5 bxc3 15.Qxc6 cxb2
16.Rb1 Qa5+ 17.Kf2 Rb8 18.Qd6 Qb6+ 19.Qxb6 Rxb6 20.Rhd1 Bd7 21.Ne1 Rc8 22.Rd2 Rc4
23.Nd3 Ra4 24.Nc5 Rxf4+ 25.Kg3 Rc4 26.Nxd7 Rb7 27.Kf3 a5 28.a3 Rcc7 29.c4  0-1

[Event "Liechtenstein op"]
[Site "Schaan"]
[Date "1999.??.??"]
[Round "3"]
[White "Skorna, Ullrich"]
[Black "Visser, Yge"]
[Result "0-1"]
[WhiteElo "2160"]
[BlackElo "2410"]

1.e4 e6 2.d4 d5 3.Nc3 Nf6 4.e5 Nfd7 5.f4 c5 6.dxc5 Bxc5 7.Qg4 g6 8.Nf3 a6
9.h4 h5 10.Qg3 Nc6 11.a3 Nd4 12.Nxd4 Bxd4 13.Ne2 Bc5 14.b4 Ba7 15.Bb2 Qc7
16.Nd4 Nb6 17.Nb3 Qxc2 18.Bd4 Bd7 19.Rc1 Qe4+ 20.Kf2 Bb5 21.Bxb5+ axb5 22.Rhe1 Qf5
23.Bc5 Nc4 24.Bxa7 Rxa7 25.Nd4 Qg4 26.Qxg4 hxg4 27.Nxb5 Ra4 28.Kg3 O-O 29.Kxg4 Rfa8
30.Kg5 Kg7 31.g4 Nd2 32.Nd4 Rxa3 33.f5 gxf5 34.gxf5 Rd3 35.Nxe6+ fxe6 36.Rc7+ Kf8
37.Kf6 exf5 38.Rg1 Ne4+ 39.Kxf5 Rf3+ 40.Ke6 Ra6+ 41.Kxd5 Nc3+ 42.Kc5 b6+
43.Kc6 b5+ 44.Kb7 Re6 45.Rc1 Nd5 46.Rh7 Rb6+ 47.Kc8 Ra3 48.Kd8 Ra8+ 49.Rc8 Rbb8
50.Rc7 Nb6  0-1

[Event "Liechtenstein op"]
[Site "Schaan"]
[Date "1999.??.??"]
[Round "9"]
[White "Schmittdiel, Eckhard"]
[Black "Kohlweyer, Bernd"]
[Result "1/2-1/2"]
[WhiteElo "2480"]
[BlackElo "2445"]

1.e4 e6 2.d4 d5 3.Nc3 Nf6 4.e5 Nfd7 5.f4 c5 6.Nf3 Nc6 7.Be3 cxd4 8.Nxd4 Bc5
9.Qd2 Bxd4 10.Bxd4 Nxd4 11.Qxd4 Qb6 12.Qxb6 Nxb6 13.Nb5 Ke7 14.O-O-O Bd7
15.Nd4 Rac8  1/2-1/2

[Event "Schwarzach op-B"]
[Site "Schwarzach"]
[Date "1999.??.??"]
[Round "4"]
[White "Walkner, Karl"]
[Black "Otto, Klaus"]
[Result "1-0"]
[WhiteElo "1870"]
[BlackElo "1655"]

1.e4 e6 2.d4 d5 3.Nc3 Nf6 4.e5 Nfd7 5.f4 c5 6.Nce2 Nc6 7.c3 cxd4 8.Nxd4 Qb6
9.Ngf3 Bc5 10.Be2 h6 11.Qd3 Nxd4 12.Nxd4 Bxd4 13.cxd4 Qb4+ 14.Kf2 Nb6 15.b3 Qe7
16.Rf1 Bd7 17.a4 Rc8 18.Ba3 Qh4+ 19.Kg1 a6 20.Bb4 Na8 21.Qd2 f5 22.exf6 Qxf6
23.Bd6 Rg8 24.Rae1 g6 25.Bf3 Kf7 26.f5 gxf5 27.Bh5+ Rg6 28.Be5 Qg5 29.Qxg5 hxg5
30.Rc1 Rg8 31.Rc3 Ke7 32.Bxg6 Rxg6 33.a5 Bc6 34.Rh3 Rg8 35.Rh7+ Ke8 36.Bd6 Bd7
37.Rc1 g4 38.Kf2 Kd8 39.Ke3 Ke8 40.Kf4 Kd8 41.Ke5 Ke8 42.Kf6 Kd8 43.Rc3 Ke8
44.h3 Kd8 45.h4 f4 46.Bxf4 Rf8+ 47.Rf7 Rh8 48.Bg5 Ke8 49.Re7+ Kd8 50.Kg7 Rh5
51.Bf6 Rf5 52.Rf7+ Ke8 53.Rf8+  1-0

[Event "Sportland-NRW-Cup"]
[Site "Senden"]
[Date "1999.??.??"]
[Round "2"]
[White "Van der Weide, Karel"]
[Black "Jagodzinski, Andreas"]
[Result "1-0"]
[WhiteElo "2430"]
[BlackElo "2195"]

1.e4 e6 2.d4 d5 3.Nc3 Nf6 4.e5 Nfd7 5.f4 c5 6.Nf3 a6 7.Be3 Qb6 8.Na4 Qa5+
9.c3 cxd4 10.b4 Qc7 11.Qxd4 Nc6 12.Qd2 b5 13.Nb2 f6 14.a4 Rb8 15.axb5 axb5
16.exf6 Nxf6 17.Bd3 Bd6 18.O-O O-O 19.Nd4 Nxd4 20.Bxd4 Ne4 21.Bxe4 dxe4 22.g3 Bb7
23.Qe3 Bd5 24.Ra7 Rb7 25.Rxb7 Bxb7 26.Nd1 Bd5 27.Nf2 e5 28.fxe5 Bxe5 29.Bxe5 Qxe5
30.Ng4 Rxf1+ 31.Kxf1 Qf5+ 32.Nf2 h6 33.Ke1 Qc8 34.Qd4 Qa8 35.Kd2 Kh8 36.Ke3 Qc6
37.Nh3 Bf7 38.Nf4 Kg8 39.Ne2 Bc4 40.Qd8+ Kh7 41.Nd4 Qg6 42.Qe7 Bd3 43.Qe5 Qb6
44.Qf5+ Kh8 45.Qc5 Qa6 46.Nf5 Qf6 47.h4 Bc4 48.Qc8+ Kh7 49.Nd4 g6 50.Qc7+ Kh8
51.Qf4 Qg7 52.g4 Kh7 53.g5 Bd3 54.Ne6 Qa7+ 55.Nc5 hxg5 56.hxg5 Qa1 57.Qf7+ Kh8
58.Qf8+ Kh7 59.Qh6+ Kg8 60.Qxg6+ Kh8 61.Qf6+ Kg8 62.Nxd3 exd3 63.Kxd3 Qd1+
64.Ke4 Qe2+ 65.Kd5 Qc4+ 66.Kd6 Qd3+ 67.Kc6 Qc4+ 68.Kb6 Qd5 69.Qe7 Qd3 70.Qe5  1-0

[Event "Sportland-NRW-Cup"]
[Site "Senden"]
[Date "1999.??.??"]
[Round "7"]
[White "Schaffarczyk, Andre"]
[Black "Abhau, Jochen"]
[Result "0-1"]
[WhiteElo "2105"]
[BlackElo "2230"]

1.e4 e6 2.d4 d5 3.Nc3 Nf6 4.e5 Nfd7 5.f4 c5 6.Nf3 Nc6 7.Be3 cxd4 8.Nxd4 Bc5
9.Qd2 O-O 10.O-O-O a6 11.h4 Nxd4 12.Bxd4 b5 13.Bxc5 Nxc5 14.Qd4 Qc7 15.Kb1 Rb8
16.Bd3 b4 17.Ne2 a5 18.g4 a4 19.Rhf1 Ba6 20.Bxa6 Nxa6 21.f5 Rfc8 22.Rc1 Qc4
23.Qe3 Nc5 24.Rf4 Ne4 25.f6 Qc5 26.Nd4 a3 27.b3 Qc3 28.Qxc3 Rxc3 29.fxg7 Kxg7
30.Ka1 Ng3 31.g5 Rbc8 32.Kb1 Re3 33.Rf3 Rxf3 34.Nxf3 Rc3 35.Nd4 Ne4 36.Rh1 Kg6
37.Kc1 Nc5 38.Kd1 Re3 39.Nc6 Na6 40.Rf1 Rc3 41.Rf6+ Kh5 42.Rh6+ Kg4 43.Nd8 Rh3
44.Nxf7 Nc5 45.Rxh7 Kf3 46.Nd6 Ke3 47.c3 Nd3  0-1

[Event "Sevilla op"]
[Site "Sevilla"]
[Date "1999.??.??"]
[Round "8"]
[White "Moreno, Javier"]
[Black "Martinez Martin, David"]
[Result "1/2-1/2"]
[WhiteElo "2430"]
[BlackElo "2285"]

1.e4 e6 2.d4 d5 3.Nc3 Nf6 4.e5 Nfd7 5.f4 c5 6.Nf3 Nc6 7.Be3 Qb6 8.Na4 Qa5+
9.c3 c4 10.b4 Qc7 11.Be2 Be7 12.O-O b6 13.Nb2 a5 14.b5 Nd8 15.a4 f5 16.h3 Nf7
17.g4 Nh6 18.Ne1 Nf8 19.Ng2 Bd7 20.Bf2 O-O-O 21.Qe1 Ng6 22.Nd1 Rdf8 23.Bg3 Bd8
24.Nde3 Ne7 25.Nh4 g6 26.Nhg2 Kb8 27.Bf3 Ka7 28.Bh4 Nc8 29.Rd1 Bxh4 30.Qxh4 Nf7
31.gxf5 gxf5 32.Rfe1 Nd8 33.Kf2 Rhg8 34.Rg1 Rg7 35.Qh6 Rfg8 36.Nh4 Rxg1 37.Rxg1 Rxg1
38.Kxg1 Be8 39.Kf2 Qf7 40.Be2 Ne7 41.Nf3 Qg6 42.Qh4 Qg7 43.Bd1 Kb7 44.Ng2 Kc8
45.Qg5 Qf8 46.Ngh4 Ng6 47.Nxg6  1/2-1/2

[Event "SVK-chT1E 9899"]
[Site "SVK"]
[Date "1999.??.??"]
[Round "6"]
[White "Fiacan, Robert"]
[Black "Likavsky, Tomas"]
[Result "0-1"]
[WhiteElo "2010"]
[BlackElo "2280"]

1.e4 e6 2.d4 d5 3.Nc3 Nf6 4.e5 Nfd7 5.f4 c5 6.Nf3 Nc6 7.Be3 a6 8.g3 g6 9.Bg2 b5
10.O-O Qb6 11.Ne2 b4 12.c4 bxc3 13.bxc3 c4 14.g4 h5 15.h3 Rb8 16.Qd2 hxg4
17.hxg4 Qb2 18.Kf2 Na7 19.Qxb2 Rxb2 20.Rfb1 Rb5 21.f5 gxf5 22.gxf5 Nb6 23.Rh1 Rg8
24.f6 Rb2 25.Ng5 Na4 26.Bf3 Nxc3 27.Rae1 Nc6 28.Nxf7 Bb4 29.Rh7 Rf8 30.Ng5 Nb5
31.Bh5+ Kd8 32.Nf7+ Kc7 33.Nd6+ Kb6 34.Nxb5 axb5 35.Rc1 Bd2 36.Bxd2 Rxd2
37.Ke1 Rxa2 38.Rb1 b4 39.Nf4 c3 40.Ng6 c2 41.Rc1 b3 42.Kd2 Nxd4 43.Bd1 cxd1=Q+
44.Kxd1 Rd8 45.Rb1 Ba6 46.Rh3 Be2+ 47.Ke1 Bc4 48.f7 Re2+ 49.Kd1 Rf2 50.f8=Q Rdxf8
51.Nxf8  0-1